Central Library OPAC University of Rajshahi

The Western World and Japan : (Record no. 26658)

MARC details
000 -LEADER
fixed length control field 00947nam a2200289 a 4500
001 - CONTROL NUMBER
control field 26658
003 - CONTROL NUMBER IDENTIFIER
rucl marc code BD-RjUL
005 - DATE AND TIME OF LATEST TRANSACTION
control field 20211209051040.0
008 - FIXED-LENGTH DATA ELEMENTS--GENERAL INFORMATION
fixed length control field 140323s1973 ja abc 001 0 eng d
020 ## - INTERNATIONAL STANDARD BOOK NUMBER
International Standard Book Number 0804815100
035 ## - SYSTEM CONTROL NUMBER
System control number (BD-RjUL)26728
040 ## - CATALOGING SOURCE
Original cataloging agency DLC
Transcribing agency EXC
Modifying agency EQO
-- BD-RjUL
Language of cataloging eng
041 ## - LANGUAGE CODE
Language code of text/sound track or separate title eng
082 ## - DEWEY DECIMAL CLASSIFICATION NUMBER
Classification number 952.025
Author mark and year SAW 1973
100 1# - MAIN ENTRY--PERSONAL NAME
Personal name Sansom, George Bailey,
Dates associated with a name 1883-1965.
9 (RLIN) 81680
245 14 - TITLE STATEMENT
Title The Western World and Japan :
Remainder of title a study in the interaction of European and Asiatic cultures /
Statement of responsibility, etc. by G.B Sansom
260 ## - PUBLICATION, DISTRIBUTION, ETC. (IMPRINT)
Place of publication, distribution, etc. Tokyo :
Name of publisher, distributor, etc. Tuttle,
Date of publication, distribution, etc. 1973.
300 ## - PHYSICAL DESCRIPTION
Pagination xvi, 504 p. xi, [8] :
Illustrations illus., ports., maps ;
Size 18 cm
490 0# - SERIES STATEMENT
Series statement Cresset historical series
504 ## - BIBLIOGRAPHY, ETC. NOTE
Bibliography, etc Includes index.
651 #0 - SUBJECT ADDED ENTRY--GEOGRAPHIC NAME
Geographic name Europe
General subdivision Relations
Geographic subdivision Japan
9 (RLIN) 81849
Geographic name Japan
General subdivision Civilization
-- Western influences
9 (RLIN) 81681
Geographic name Japan
General subdivision Relations
Geographic subdivision Europe
9 (RLIN) 81848
942 ## - ADDED ENTRY ELEMENTS (KOHA)
Source of classification or shelving scheme Dewey Decimal Classification
Koha item type Books
Holdings
Lost status Source of classification or shelving scheme Damaged status Not for loan Collection code Permanent Location Current Location Shelving location Date acquired Source of acquisition Cost, normal purchase price Total Checkouts Full call number Date last seen Copy number Koha item type
  Dewey Decimal Classification     Non-fiction Central Library, University of Rajshahi Central Library, University of Rajshahi   24/04/1979 Japan Foundation 0.00   952.025 SAW 1973 23/03/2014 C-6 Books